Commutative harmonic analysis II : (Record no. 25866)
[ view plain ]
| 000 -LEADER | |
|---|---|
| fixed length control field | 01530cam a2200421 i 4500 |
| 001 - CONTROL NUMBER | |
| control field | AKY9176KO |
| 001 - CONTROL NUMBER | |
| control field | ALD9729NW |
| 003 - CONTROL NUMBER IDENTIFIER | |
| control field | EG-ScBUE |
| 005 - DATE AND TIME OF LATEST TRANSACTION | |
| control field | 20241030083048.0 |
| 008 - FIXED-LENGTH DATA ELEMENTS--GENERAL INFORMATION | |
| fixed length control field | 990201t1998 gw f b 001 0 eng d |
| 020 ## - INTERNATIONAL STANDARD BOOK NUMBER | |
| International Standard Book Number | 354051998X |
| 020 ## - INTERNATIONAL STANDARD BOOK NUMBER | |
| International Standard Book Number | 9783540519980 |
| 040 ## - CATALOGING SOURCE | |
| Original cataloging agency | CUS |
| Language of cataloging | eng |
| Description conventions | rda |
| Transcribing agency | CUS |
| Modifying agency | FPU |
| -- | UIU |
| -- | EG-ScBUE |
| 041 1# - LANGUAGE CODE | |
| Language code of text/sound track or separate title | eng |
| Language code of original and/or intermediate translations of text | rus |
| 082 04 - DEWEY DECIMAL CLASSIFICATION NUMBER | |
| Edition number | 22 |
| Classification number | 515.2433 |
| Item number | COM |
| 130 0# - MAIN ENTRY--UNIFORM TITLE | |
| Uniform title | Kommutativnyĭ garmonicheskiĭ analiz II. |
| Language of a work | English. |
| 240 1# - UNIFORM TITLE | |
| Uniform title | <a href="Kommutativnyĭ garmonicheskiĭ analiz II.">Kommutativnyĭ garmonicheskiĭ analiz II.</a> |
| Medium | English |
| 245 10 - TITLE STATEMENT | |
| Title | Commutative harmonic analysis II : |
| Remainder of title | group methods in commutative harmonic analysis / |
| Statement of responsibility, etc | editors V. P. Khavin, N. K. Nikolski (eds.) |
| 246 3# - VARYING FORM OF TITLE | |
| Title proper/short title | Commutative harmonic analysis 2 |
| 246 3# - VARYING FORM OF TITLE | |
| Title proper/short title | Commutative harmonic analysis two |
| 246 30 - VARYING FORM OF TITLE | |
| Title proper/short title | Group methods in commutative harmonic analysis |
| 264 #1 - PUBLICATION, DISTRIBUTION, ETC. (IMPRINT) | |
| Place of publication, distribution, etc | Berlin : |
| Name of publisher, distributor, etc | Springer-Verlag, |
| Date of publication, distribution, etc | [1998] |
| 264 #4 - PUBLICATION, DISTRIBUTION, ETC. (IMPRINT) | |
| Date of publication, distribution, etc | c1998 |
| 300 ## - PHYSICAL DESCRIPTION | |
| Extent | viii, 325 pages ; |
| Dimensions | 25 cm |
| 336 ## - CONTENT TYPE | |
| Source | rdacontent |
| Content type term | text |
| Content type code | txt |
| 337 ## - MEDIA TYPE | |
| Media type term | unmediated |
| Source | rdamedia |
| Media type code | n |
| 338 ## - CARRIER TYPE | |
| Carrier type term | volume |
| Carrier type code | nc |
| Source | rdacarrier |
| 500 ## - GENERAL NOTE | |
| General note | "Thoroughly revised, corrected and expanded version of the original Russian edition"--P. viii. |
| 504 ## - BIBLIOGRAPHY, ETC. NOTE | |
| Bibliography, etc | Includes bibliographical references and index. |
| 650 #7 - SUBJECT ADDED ENTRY--TOPICAL TERM | |
| Topical term or geographic name as entry element | Harmonic analysis. |
| Source of heading or term | BUEsh |
| 650 #7 - SUBJECT ADDED ENTRY--TOPICAL TERM | |
| Topical term or geographic name as entry element | Group theory. |
| Source of heading or term | BUEsh |
| 651 ## - SUBJECT ADDED ENTRY--GEOGRAPHIC NAME | |
| Source of heading or term | BUEsh |
| 653 ## - INDEX TERM--UNCONTROLLED | |
| Resource For college | Generalities |
| Arrived date list | January2018 |
| 655 ## - INDEX TERM--GENRE/FORM | |
| Form subdivision | Reading book |
| 700 1# - ADDED ENTRY--PERSONAL NAME | |
| Personal name | Khavin, Viktor Petrovich. |
| Relator term | editor. |
| 700 1# - ADDED ENTRY--PERSONAL NAME | |
| Personal name | Nikolʹskiĭ, N. K. |
| Fuller form of name | (Nikolaĭ Kapitonovich) |
| Relator term | editor. |
| 942 ## - ADDED ENTRY ELEMENTS (KOHA) | |
| Source of classification or shelving scheme | Dewey Decimal Classification |
| Koha item type | Book - Borrowing |
| Withdrawn status | Lost status | Source of classification or shelving scheme | Damaged status | Not for loan | Collection code | Home library | Current library | Shelving location | Date acquired | Source of acquisition | Total Checkouts | Full call number | Barcode | Date last seen | Price effective from | Koha item type |
|---|---|---|---|---|---|---|---|---|---|---|---|---|---|---|---|---|
| Dewey Decimal Classification | Baccah | Central Library | Central Library | First floor | 04/01/2018 | Purchase | 515.2433 COM | 000047096 | 15/07/2025 | 04/01/2018 | Book - Borrowing |